Evaluación geotécnica de los limos de la ciudad de San Ramón
Gardado en:
| Autor Principal: | |
|---|---|
| Formato: | Libro |
| Publicado: |
San José, C.R.
2000
|
| Materias: | |
| Etiquetas: |
Engadir etiqueta
Sen Etiquetas, Sexa o primeiro en etiquetar este rexistro!
|
MARC
| LEADER | 00000nam a2200000Ia 4500 | ||
|---|---|---|---|
| 003 | 008677 | ||
| 005 | 20221231144203.0 | ||
| 008 | 140114s2000 cr a m 000 ||s d | ||
| 040 | |c cru CEDI | ||
| 090 | |a TFG 4274 | ||
| 100 | |a Zamora Murillo, Edgar |9 7890 | ||
| 245 | |a Evaluación geotécnica de los limos de la ciudad de San Ramón | ||
| 260 | |c 2000 |a San José, C.R. | ||
| 300 | |a viii, 146 hojas : ilustraciones, 3 mapas color | ||
| 500 | |a Proyecto de graduación (licenciatura en ingeniería civil)--Universidad de Costa Rica. Facultad de Ingeniería. Escuela de Ingeniería Civil | ||
| 650 | |x SUELOS LIMOSOS |x MECANICA DE SUELOS |x HUMEDAD DE SUELOS |9 7891 | ||
| 942 | |c TFG | ||
| 999 | |c 18162 |d 18162 | ||
